Countries With Most Total Deaths - Statistics

General Stats
  • This quiz has been taken 1,009 times
  • The average score is 17 of 20
Answer Stats
Total Deaths Country % Correct
607.5 mil China
99%
137.2 mil United States
99%
622.5 mil India
98%
103.6 mil Russia
96%
40.9 mil United Kingdom
93%
67.9 mil Brazil
92%
58.0 mil Germany
92%
35.6 mil France
89%
55.3 mil Japan
89%
32.1 mil Mexico
88%
100.6 mil Indonesia
86%
70.4 mil Pakistan
86%
106.3 mil Nigeria
82%
35.1 mil Italy
80%
33.6 mil Egypt
77%
67.2 mil Bangladesh
75%
35.4 mil DR of the Congo
75%
31.3 mil Turkey
69%
47.7 mil Ethiopia
67%
37.2 mil Ukraine
64%
No matching quizzes found
Score Distribution
Percent of People with Each Score
Percentile by Number Answered
Your Score History
You have not taken this quiz